<?xml version="1.0" encoding="UTF-8"?>
<record
    xmlns:xsi="http://www.w3.org/2001/XMLSchema-instance"
    xsi:schemaLocation="http://www.loc.gov/MARC21/slim http://www.loc.gov/standards/marcxml/schema/MARC21slim.xsd"
    xmlns="http://www.loc.gov/MARC21/slim">

  <leader>00729nam a22002057a 4500</leader>
  <controlfield tag="005">20180119103800.0</controlfield>
  <datafield tag="010" ind1=" " ind2=" ">
    <subfield code="a">1718EN-30       </subfield>
  </datafield>
  <datafield tag="020" ind1=" " ind2=" ">
    <subfield code="a">9789352533329</subfield>
    <subfield code="c">770.00</subfield>
  </datafield>
  <datafield tag="035" ind1=" " ind2=" ">
    <subfield code="a">B-685842-847</subfield>
  </datafield>
  <datafield tag="037" ind1=" " ind2=" ">
    <subfield code="b">Asian</subfield>
    <subfield code="a">dpl</subfield>
  </datafield>
  <datafield tag="082" ind1=" " ind2=" ">
    <subfield code="a">330.01</subfield>
  </datafield>
  <datafield tag="100" ind1=" " ind2=" ">
    <subfield code="a">Ahuja, H.L.</subfield>
  </datafield>
  <datafield tag="245" ind1=" " ind2=" ">
    <subfield code="a">Advanced economic theory :</subfield>
    <subfield code="c">by H.L. Ahuja </subfield>
    <subfield code="b">microeconomic analysis /</subfield>
  </datafield>
  <datafield tag="250" ind1=" " ind2=" ">
    <subfield code="a">21st ed</subfield>
  </datafield>
  <datafield tag="260" ind1=" " ind2=" ">
    <subfield code="a">New Delhi </subfield>
    <subfield code="b">S.Chand</subfield>
    <subfield code="c">2017</subfield>
  </datafield>
  <datafield tag="270" ind1=" " ind2=" ">
    <subfield code="a">7361, Ram Nagar, </subfield>
    <subfield code="b">New Delhi </subfield>
    <subfield code="e">110055</subfield>
  </datafield>
  <datafield tag="300" ind1="v" ind2=" ">
    <subfield code="a">xvi,1347p.</subfield>
    <subfield code="c">24cm(pbk)</subfield>
  </datafield>
  <datafield tag="942" ind1=" " ind2=" ">
    <subfield code="2">ddc</subfield>
    <subfield code="c">EN</subfield>
    <subfield code="m">AHU</subfield>
    <subfield code="h">330.01</subfield>
  </datafield>
  <datafield tag="999" ind1=" " ind2=" ">
    <subfield code="c">145532</subfield>
    <subfield code="d">145532</subfield>
  </datafield>
  <datafield tag="952" ind1=" " ind2=" ">
    <subfield code="0">0</subfield>
    <subfield code="1">0</subfield>
    <subfield code="4">0</subfield>
    <subfield code="7">0</subfield>
    <subfield code="8">NFIC</subfield>
    <subfield code="a">L</subfield>
    <subfield code="b">L</subfield>
    <subfield code="d">2018-01-19</subfield>
    <subfield code="e">ABC/5278/5.12.17/BPPD/EN/2017-18/636/20.11.17/6.1.2018</subfield>
    <subfield code="g">770.00</subfield>
    <subfield code="l">28</subfield>
    <subfield code="m">35</subfield>
    <subfield code="o">330.01 AHU</subfield>
    <subfield code="p">B-685842</subfield>
    <subfield code="r">2026-05-05 15:01:12</subfield>
    <subfield code="s">2026-04-10</subfield>
    <subfield code="t">1</subfield>
    <subfield code="v">770.00</subfield>
    <subfield code="y">EN</subfield>
  </datafield>
  <datafield tag="952" ind1=" " ind2=" ">
    <subfield code="0">0</subfield>
    <subfield code="1">0</subfield>
    <subfield code="4">0</subfield>
    <subfield code="7">0</subfield>
    <subfield code="8">NFIC</subfield>
    <subfield code="a">AV</subfield>
    <subfield code="b">AV</subfield>
    <subfield code="d">2018-01-19</subfield>
    <subfield code="e">ABC/5278/5.12.17/BPPD/EN/2017-18/636/20.11.17/6.1.2018</subfield>
    <subfield code="g">770.00</subfield>
    <subfield code="l">14</subfield>
    <subfield code="m">10</subfield>
    <subfield code="o">330.01 AHU</subfield>
    <subfield code="p">B-685843</subfield>
    <subfield code="r">2024-10-21 00:00:00</subfield>
    <subfield code="s">2024-09-10</subfield>
    <subfield code="t">1</subfield>
    <subfield code="v">770.00</subfield>
    <subfield code="y">EN</subfield>
  </datafield>
  <datafield tag="952" ind1=" " ind2=" ">
    <subfield code="0">0</subfield>
    <subfield code="1">0</subfield>
    <subfield code="4">0</subfield>
    <subfield code="7">0</subfield>
    <subfield code="8">NFIC</subfield>
    <subfield code="a">BL1</subfield>
    <subfield code="b">BL1</subfield>
    <subfield code="d">2018-01-19</subfield>
    <subfield code="e">ABC/5278/5.12.17/BPPD/EN/2017-18/636/20.11.17/6.1.2018</subfield>
    <subfield code="g">770.00</subfield>
    <subfield code="l">12</subfield>
    <subfield code="m">15</subfield>
    <subfield code="o">330.01 AHU</subfield>
    <subfield code="p">B-685844</subfield>
    <subfield code="r">2024-01-10 00:00:00</subfield>
    <subfield code="s">2023-07-07</subfield>
    <subfield code="t">1</subfield>
    <subfield code="v">770.00</subfield>
    <subfield code="y">EN</subfield>
  </datafield>
  <datafield tag="952" ind1=" " ind2=" ">
    <subfield code="0">0</subfield>
    <subfield code="1">0</subfield>
    <subfield code="4">0</subfield>
    <subfield code="7">0</subfield>
    <subfield code="8">NFIC</subfield>
    <subfield code="a">JP</subfield>
    <subfield code="b">JP</subfield>
    <subfield code="d">2018-01-19</subfield>
    <subfield code="e">ABC/5278/5.12.17/BPPD/EN/2017-18/636/20.11.17/6.1.2018</subfield>
    <subfield code="g">770.00</subfield>
    <subfield code="l">10</subfield>
    <subfield code="m">6</subfield>
    <subfield code="o">330.01 AHU</subfield>
    <subfield code="p">B-685845</subfield>
    <subfield code="r">2025-07-30 00:00:00</subfield>
    <subfield code="s">2025-07-05</subfield>
    <subfield code="t">1</subfield>
    <subfield code="v">770.00</subfield>
    <subfield code="y">EN</subfield>
  </datafield>
  <datafield tag="952" ind1=" " ind2=" ">
    <subfield code="0">0</subfield>
    <subfield code="1">0</subfield>
    <subfield code="4">0</subfield>
    <subfield code="7">0</subfield>
    <subfield code="8">NFIC</subfield>
    <subfield code="a">ZLS</subfield>
    <subfield code="b">ZLS</subfield>
    <subfield code="d">2018-01-19</subfield>
    <subfield code="e">ABC/5278/5.12.17/BPPD/EN/2017-18/636/20.11.17/6.1.2018</subfield>
    <subfield code="g">770.00</subfield>
    <subfield code="l">9</subfield>
    <subfield code="m">7</subfield>
    <subfield code="o">330.01 AHU</subfield>
    <subfield code="p">B-685846</subfield>
    <subfield code="r">2026-04-01 00:00:00</subfield>
    <subfield code="s">2026-03-11</subfield>
    <subfield code="t">1</subfield>
    <subfield code="v">770.00</subfield>
    <subfield code="y">EN</subfield>
  </datafield>
  <datafield tag="952" ind1=" " ind2=" ">
    <subfield code="0">0</subfield>
    <subfield code="1">0</subfield>
    <subfield code="4">0</subfield>
    <subfield code="7">0</subfield>
    <subfield code="8">NFIC</subfield>
    <subfield code="a">BN</subfield>
    <subfield code="b">BN</subfield>
    <subfield code="d">2018-01-19</subfield>
    <subfield code="e">ABC/5278/5.12.17/BPPD/EN/2017-18/636/20.11.17/6.1.2018</subfield>
    <subfield code="g">770.00</subfield>
    <subfield code="l">26</subfield>
    <subfield code="m">15</subfield>
    <subfield code="o">330.01 AHU</subfield>
    <subfield code="p">B-685847</subfield>
    <subfield code="r">2025-03-25 00:00:00</subfield>
    <subfield code="s">2023-04-24</subfield>
    <subfield code="t">1</subfield>
    <subfield code="v">770.00</subfield>
    <subfield code="y">EN</subfield>
  </datafield>
</record>
